000 00236nam a2200085Ia 4500
245 0 _aEngineering Science N4
100 _a Van Rensburg, M JJ South Africa, c.2013
_948613
942 _cBK
008 210817s9999 xx 000 0 und d
999 _c261764
_d261765